[Event "EU-ch U18 Girls 28th"]
[Site "Riga"]
[Date "2018.08.28"]
[Round "8.9"]
[White "Scarpa, Silvia"]
[Black "Sieber, Fiona"]
[Result "1/2-1/2"]
[WhiteElo "2020"]
[BlackElo "2290"]
[PlyCount "82"]
[EventDate "2018.08.20"]
[EventType "swiss"]
[EventRounds "9"]
[EventCountry "LAT"]
[SourceTitle "CBM 186 Extra"]
[Source "ChessBase"]
[SourceDate "2018.08.24"]
[SourceVersion "1"]
[SourceVersionDate "2018.08.24"]
[SourceQuality "1"]

1. e4 c5 2. Nc3 Nc6 3. Bb5 Nd4 4. Nf3 Nxb5 5. Nxb5 d6 6. 0-0 Nf6 7. Re1 a6 8. Nc3 g6 9. h3 Bg7 10. d3 b5 11. Be3 0-0 12. e5 Nd7 13. exd6 exd6 14. Bg5 f6 15. Bh4 Bb7 16. d4 Re8 17. Rxe8+ Qxe8 18. Bg3 b4 19. Na4 Bc6 20. c4 f5 21. Bxd6 cxd4 22. Bxb4 Ne5 23. Nxe5 Bxa4 24. b3 Qxe5 25. bxa4 d3 26. Rc1 Qb2 27. Qd2 Rb8 28. a3 Qb3 29. Qd1 Qb2 30. Rb1 Qa2 31. Rc1 Qb2 32. Rb1 Qd4 33. a5 Qxc4 34. Rc1 Qd5 35. Rc5 Qd4 36. Qb3+ Kh8 37. Rd5 Qa1+ 38. Kh2 Be5+ 39. g3 f4 40. Qxd3 fxg3+ 41. fxg3 Qb2+ 1/2-1/2

[Event "EU-ch U18 Girls 28th"]
[Site "Riga"]
[Date "2018.08.23"]
[Round "4"]
[White "Scarpa, Silvia"]
[Black "Parol, Pola"]
[Result "1/2-1/2"]
[WhiteElo "2020"]
[BlackElo "2104"]
[PlyCount "140"]
[EventDate "2018.08.20"]
[EventType "swiss"]
[EventRounds "9"]
[EventCountry "LAT"]
[SourceTitle "CBM 186 Extra"]
[Source "ChessBase"]
[SourceDate "2018.08.24"]
[SourceVersion "1"]
[SourceVersionDate "2018.08.24"]
[SourceQuality "1"]

1. e4 c5 2. Nc3 d6 3. Bb5+ Nc6 4. Bxc6+ bxc6 5. f4 Nf6 6. Nf3 g6 7. 0-0 Bg7 8. d3 0-0 9. Qe1 Rb8 10. Kh1 Ne8 11. f5 e6 12. fxg6 fxg6 13. Bg5 Qc7 14. Rb1 e5 15. b3 Be6 16. Be3 Kh8 17. Ng5 Rxf1+ 18. Qxf1 Bg8 19. Qe2 Nf6 20. Rf1 Qe7 21. Na4 Rf8 22. Nh3 Be6 23. Nf2 Nh5 24. g3 Qf7 25. Kg1 Qd7 26. Nd1 Nf6 27. Nf2 Kg8 28. Qd2 Rf7 29. Qe2 h5 30. h4 Kh7 31. Qd2 Bg4 32. Nxg4 Nxg4 33. Rxf7 Qxf7 34. Kg2 Qb7 35. a3 Kg8 36. Bg1 Bh6 37. Qe1 Kf7 38. Qf1+ Ke7 39. Qe1 Qd7 40. Nb2 Qe6 41. Nc4 g5 42. hxg5 Bxg5 43. Qa5 Qd7 44. Qe1 Ke6 45. Qf1 Ke7 46. Qe1 Nh6 47. a4 Qg4 48. Ne3 Bxe3 49. Qxe3 Nf7 50. b4 cxb4 51. Qxa7+ Ke6 52. Qf2 c5 53. a5 Ke7 54. Qe1 Qc8 55. Be3 Qa6 56. Qa1 b3 57. c4 b2 58. Qxb2 Qxa5 59. Qe2 Qc3 60. Kh3 Qa1 61. Kg2 Qb1 62. Kh2 Ke6 63. g4 hxg4 64. Qxg4+ Ke7 65. Qe2 Kd7 66. Qg4+ Ke7 67. Qe2 Ke8 68. Bf2 Nd8 69. Bh4 Nf7 70. Qf3 Qb2+ 1/2-1/2

[Event "EU-ch U18 Girls 28th"]
[Site "Riga"]
[Date "2018.08.22"]
[Round "3"]
[White "Demirtas, Hafize"]
[Black "Scarpa, Silvia"]
[Result "0-1"]
[WhiteElo "1794"]
[BlackElo "2020"]
[PlyCount "82"]
[EventDate "2018.08.20"]
[EventType "swiss"]
[EventRounds "9"]
[EventCountry "LAT"]
[SourceTitle "CBM 186 Extra"]
[Source "ChessBase"]
[SourceDate "2018.08.24"]
[SourceVersion "1"]
[SourceVersionDate "2018.08.24"]
[SourceQuality "1"]

1. e4 c5 2. Nf3 d6 3. Bb5+ Nd7 4. d4 cxd4 5. Qxd4 a6 6. Bxd7+ Bxd7 7. Bg5 Rc8 8. Nc3 Qa5 9. 0-0-0 Be6 10. Kb1 Qc5 11. Qd2 Nf6 12. Nd4 Bd7 13. Nb3 Qc6 14. Rhe1 b5 15. e5 dxe5 16. Rxe5 e6 17. f4 b4 18. Na4 Qxa4 19. Bxf6 gxf6 20. Ra5 Qc6 21. Rxa6 Qc7 22. f5 Bb5 23. Ra5 Bh6 24. Qf2 Be3 25. Qe1 Qxc2+ 26. Ka1 Bf2 27. Qh1 Qxf5 28. g4 Qe5 29. Qb7 Rb8 30. Qg2 Bb6 31. Ra8 0-0 32. Rxb8 Rxb8 33. Rc1 Qd5 34. Qc2 Ra8 35. Rd1 Qc4 36. Qg2 Bc6 37. Qg3 Bd5 38. Rb1 Be4 39. Rc1 Bc2 40. Qd6 Rxa2+ 41. Kxa2 Qa6+ 0-1

[Event "Cesenatico op 21st"]
[Site "Cesenatico"]
[Date "2017.09.02"]
[Round "1"]
[White "Scarpa, Silvia"]
[Black "Naumkin, Igor"]
[Result "0-1"]
[WhiteElo "2058"]
[BlackElo "2456"]
[PlyCount "60"]
[EventDate "2017.09.02"]
[EventType "swiss"]
[EventRounds "9"]
[EventCountry "ITA"]
[SourceTitle "CBM 180 Extra"]
[Source "ChessBase"]
[SourceDate "2017.10.06"]
[SourceVersion "1"]
[SourceVersionDate "2017.10.06"]
[SourceQuality "1"]

1. e4 e5 2. Nf3 Nc6 3. Bc4 Bc5 4. b4 Bxb4 5. c3 Be7 6. d4 Na5 7. Nxe5 Nxc4 8. Nxc4 d5 9. exd5 Qxd5 10. Ne3 Qd7 11. 0-0 Nf6 12. Ba3 0-0 13. Bxe7 Qxe7 14. Re1 Re8 15. Nd2 Be6 16. Nf3 Rad8 17. Qc2 c5 18. Rad1 Qc7 19. Qa4 Ne4 20. Rc1 h6 21. d5 Bd7 22. Qb3 b5 23. c4 b4 24. Nd1 Bg4 25. Re2 Ng5 26. Re3 Bxf3 27. gxf3 Qf4 28. Rc2 Rxe3 29. Qxe3 Qf5 30. Re2 Nxf3+ 0-1

[Event "Mare di Fano op 6th"]
[Site "Fano"]
[Date "2017.07.31"]
[Round "4"]
[White "Scarpa, Silvia"]
[Black "Ivanov, Mike"]
[Result "0-1"]
[WhiteElo "1933"]
[BlackElo "2286"]
[PlyCount "54"]
[EventDate "2017.07.29"]
[EventType "swiss"]
[EventRounds "9"]
[EventCountry "ITA"]
[SourceTitle "EXT 2018"]
[Source "ChessBase"]
[SourceDate "2017.10.13"]
[SourceVersion "1"]
[SourceVersionDate "2017.10.13"]
[SourceQuality "1"]

1. e4 g6 2. d4 Bg7 3. Nc3 c6 4. Be3 d5 5. exd5 cxd5 6. Qd2 Nc6 7. Nf3 a6 8. Be2 h5 9. 0-0 Nh6 10. Ne5 Nf5 11. Nxc6 bxc6 12. Na4 0-0 13. Nc5 Qb6 14. Na4 Qa7 15. c3 e5 16. Nc5 Rb8 17. b3 Re8 18. Rae1 Nxe3 19. Qxe3 Bf5 20. Qd2 a5 21. a3 Bf8 22. b4 exd4 23. cxd4 axb4 24. axb4 Qa3 25. Qf4 Rxb4 26. Na6 Rb2 27. Ra1 Ra2 0-1

[Event "EU-ch U16 Girls 26th"]
[Site "Prague"]
[Date "2016.08.26"]
[Round "8"]
[White "Scarpa, Silvia"]
[Black "Hrescak, Ivana"]
[Result "1/2-1/2"]
[WhiteElo "1848"]
[BlackElo "2007"]
[PlyCount "92"]
[EventDate "2016.08.18"]
[EventType "swiss"]
[EventRounds "9"]
[EventCountry "CZE"]
[SourceTitle "CBM 174 Extra"]
[Source "ChessBase"]
[SourceDate "2016.10.10"]
[SourceVersion "1"]
[SourceVersionDate "2016.10.10"]
[SourceQuality "1"]

1. e4 c5 2. Nc3 Nc6 3. f4 g6 4. Nf3 Bg7 5. Bb5 Nd4 6. Nxd4 cxd4 7. Ne2 Qb6 8. Bc4 e6 9. d3 Ne7 10. 0-0 Qc5 11. Ng3 h5 12. Qf3 h4 13. Ne2 b5 14. Bb3 Bb7 15. Qf2 h3 16. Ng3 hxg2 17. Qxg2 Bf6 18. Qf2 Bh4 19. c3 Bxg3 20. hxg3 Qh5 21. Qg2 dxc3 22. bxc3 d5 23. Bd1 Qh7 24. Bf3 dxe4 25. Bxe4 Bxe4 26. dxe4 Rd8 27. Be3 Qh5 28. Bd4 Rh7 29. Rad1 b4 30. cxb4 Nc6 31. g4 Qb5 32. Be3 Qxb4 33. Rxd8+ Nxd8 34. Rd1 Qc3 35. Qd2 Qxd2 36. Rxd2 f6 37. Kg2 Rc7 38. Kf3 Rc3 39. Ke2 Rc7 40. Kf3 Rh7 41. Kg3 Rc7 42. Bd4 Rd7 43. Bc3 Rxd2 44. Bxd2 Nc6 45. Bc3 e5 46. fxe5 fxe5 1/2-1/2

[Event "EU-ch U16 Girls 26th"]
[Site "Prague"]
[Date "2016.08.21"]
[Round "4"]
[White "Scarpa, Silvia"]
[Black "Karykowska, Anna"]
[Result "1/2-1/2"]
[WhiteElo "1848"]
[BlackElo "1772"]
[PlyCount "112"]
[EventDate "2016.08.18"]
[EventType "swiss"]
[EventRounds "9"]
[EventCountry "CZE"]
[SourceTitle "CBM 174 Extra"]
[Source "ChessBase"]
[SourceDate "2016.10.10"]
[SourceVersion "1"]
[SourceVersionDate "2016.10.10"]
[SourceQuality "1"]

1. e4 c5 2. Nc3 a6 3. g3 b5 4. Bg2 Bb7 5. d3 e6 6. Nf3 Nf6 7. 0-0 b4 8. Ne2 Be7 9. c3 0-0 10. Nf4 d5 11. e5 Nfd7 12. d4 Nc6 13. Re1 a5 14. Be3 a4 15. dxc5 bxc3 16. Qc2 cxb2 17. Qxb2 Qc7 18. Rac1 Rfb8 19. Qc3 Ndxe5 20. Nxe5 Qxe5 21. Qxe5 Nxe5 22. Bd4 Nc6 23. Be5 Nxe5 24. Rxe5 Bf6 25. Re2 Bc6 26. Nd3 Bb5 27. Rd2 Bxd3 28. Rxd3 Rc8 29. Rd2 Ra6 30. Rb1 Rac6 31. Rc2 g6 32. Rb4 a3 33. Ra4 Rxc5 34. Rxc5 Rxc5 35. Rxa3 Rc1+ 36. Bf1 Bd4 37. Rd3 e5 38. Rd2 Ra1 39. Kg2 Bc3 40. Rxd5 Rxa2 41. Bc4 Ra7 42. Rc5 Bd4 43. Rb5 Kg7 44. Bb3 Rc7 45. Kf1 f5 46. Ke2 e4 47. Rb4 Bc3 48. Rc4 Rxc4 49. Bxc4 Bd4 50. Bb3 Kf6 51. h3 h5 52. f3 e3 53. g4 fxg4 54. fxg4 h4 55. Kf3 Ke5 56. Bc4 g5 1/2-1/2

[Event "Olbia CIG U16 24th"]
[Site "Olbia"]
[Date "2016.06.27"]
[Round "3"]
[White "Manguerra, Lyn Jane"]
[Black "Scarpa, Silvia"]
[Result "1/2-1/2"]
[WhiteElo "1629"]
[BlackElo "1941"]
[PlyCount "83"]
[EventDate "2016.06.26"]
[EventType "swiss"]
[EventRounds "9"]
[EventCountry "ITA"]
[SourceTitle "EXT 2024"]
[Source "ChessBase"]
[SourceDate "2023.10.10"]
[SourceVersion "1"]
[SourceVersionDate "2023.10.10"]
[SourceQuality "1"]

1. e4 c5 2. Nc3 Nc6 3. g3 g6 4. Bg2 Bg7 5. Nge2 e6 6. d3 a6 7. Be3 d6 8. 0-0 Nd4 9. Qd2 Rb8 10. f4 Ne7 11. Nd1 0-0 12. c3 Nxe2+ 13. Qxe2 b5 14. d4 cxd4 15. Bxd4 Nc6 16. Bxg7 Kxg7 17. Ne3 Qb6 18. Kh1 Ne7 19. Rad1 Qc7 20. Qd3 Rb6 21. g4 e5 22. f5 f6 23. fxg6 hxg6 24. Qe2 Be6 25. a3 a5 26. Qf3 b4 27. cxb4 axb4 28. g5 f5 29. Bh3 bxa3 30. bxa3 Rb3 31. exf5 Nxf5 32. Bxf5 gxf5 33. Qh3 Qd7 34. Qh6+ Kg8 35. Nd5 Bxd5+ 36. Rxd5 Rxa3 37. Rxd6 Qb7+ 38. Kg1 Qa7+ 39. Kh1 Qb7+ 40. Kg1 Qa7+ 41. Kh1 Qb7+ 42. Kg1 1/2-1/2

[Event "ITA-ch U14 Girls"]
[Site "Tarvisio"]
[Date "2014.06.30"]
[Round "2"]
[White "Scarpa, Silvia"]
[Black "Giovagnetti, Chiara"]
[Result "1-0"]
[WhiteElo "1806"]
[BlackElo "1542"]
[PlyCount "63"]
[EventDate "2014.06.29"]
[EventType "swiss"]
[EventRounds "9"]
[EventCountry "ITA"]
[SourceTitle "EXT 2015"]
[Source "ChessBase"]
[SourceDate "2014.11.20"]
[SourceVersion "1"]
[SourceVersionDate "2014.11.20"]
[SourceQuality "1"]

1. e4 c5 2. Nc3 e6 3. g3 d5 4. exd5 exd5 5. Bg2 Nf6 6. d3 d4 7. Ne4 Nxe4 8. dxe4 Nc6 9. Ne2 Bd6 10. 0-0 0-0 11. c3 dxc3 12. Nxc3 Be5 13. Nd5 Be6 14. Be3 Bxb2 15. Rb1 Bd4 16. Bxd4 cxd4 17. Rxb7 Rb8 18. Rxb8 Qxb8 19. Qa4 Rc8 20. Rc1 Bxd5 21. exd5 Ne5 22. Rxc8+ Qxc8 23. Qxa7 Qc1+ 24. Bf1 Nf3+ 25. Kg2 Ne1+ 26. Kh1 h6 27. Qxd4 Nf3 28. Qd3 Nd4 29. Kg2 Nc2 30. Qe2 Ne1+ 31. Kg1 Nc2 32. d6 1-0

[Event "EU-ch U14 Girls 23rd"]
[Site "Budva"]
[Date "2013.10.07"]
[Round "8"]
[White "Gundogan, Sinem Cagla"]
[Black "Scarpa, Silvia"]
[Result "1-0"]
[WhiteElo "1722"]
[BlackElo "1802"]
[PlyCount "81"]
[EventDate "2013.09.29"]
[EventType "swiss"]
[EventRounds "9"]
[EventCountry "MNE"]
[SourceTitle "EXT 2014"]
[Source "ChessBase"]
[SourceDate "2013.11.20"]
[SourceVersion "1"]
[SourceVersionDate "2013.11.20"]
[SourceQuality "1"]

1. e4 c5 2. Nf3 d6 3. d4 cxd4 4. Nxd4 Nf6 5. Nc3 a6 6. Be2 e5 7. Nb3 Be6 8. Be3 Be7 9. 0-0 0-0 10. Qd3 Nc6 11. Rfd1 h6 12. a3 b5 13. Nd5 Bxd5 14. exd5 e4 15. Qd2 Ne5 16. a4 Rb8 17. Bd4 Nc4 18. Bxc4 bxc4 19. Na5 Rc8 20. Nc6 Qc7 21. Nxe7+ Qxe7 22. Qa5 Ra8 23. Qc3 Nxd5 24. Qxc4 Nf4 25. Be3 Rfc8 26. Qb3 Rab8 27. Qa3 Ne2+ 28. Kf1 Rxc2 29. Rxd6 Rbxb2 30. Rad1 Qh4 31. Rd8+ Kh7 32. Qf8 Nf4 33. Qg8+ Kg6 34. R8d6+ Ne6 35. Rxe6+ fxe6 36. Qxe6+ Qf6 37. Qxe4+ Kh5 38. g4+ Kh4 39. g5+ Kh3 40. Qg2+ Kh4 41. Qg3+ 1-0

[Event "EU-ch U14 Girls 23rd"]
[Site "Budva"]
[Date "2013.10.06"]
[Round "7"]
[White "Scarpa, Silvia"]
[Black "Kubicka, Anna"]
[Result "1-0"]
[WhiteElo "1802"]
[BlackElo "1706"]
[PlyCount "47"]
[EventDate "2013.09.29"]
[EventType "swiss"]
[EventRounds "9"]
[EventCountry "MNE"]
[SourceTitle "EXT 2014"]
[Source "ChessBase"]
[SourceDate "2013.11.20"]
[SourceVersion "1"]
[SourceVersionDate "2013.11.20"]
[SourceQuality "1"]

1. e4 e5 2. Nf3 Nf6 3. Nxe5 d6 4. Nf3 Nxe4 5. Nc3 Nxc3 6. dxc3 Be7 7. Be3 Nd7 8. Qd2 a5 9. 0-0-0 0-0 10. Nd4 Nc5 11. f3 a4 12. a3 c6 13. g4 h6 14. Be2 Bd7 15. Rdg1 b5 16. g5 h5 17. g6 f5 18. f4 Ne4 19. Qd1 h4 20. Bf3 d5 21. Bxe4 dxe4 22. Qh5 Rf6 23. Qh7+ Kf8 24. Qh8# 1-0

[Event "EU-ch U14 Girls 23rd"]
[Site "Budva"]
[Date "2013.10.02"]
[Round "4"]
[White "Stashis, Anna"]
[Black "Scarpa, Silvia"]
[Result "0-1"]
[WhiteElo "1638"]
[BlackElo "1802"]
[PlyCount "62"]
[EventDate "2013.09.29"]
[EventType "swiss"]
[EventRounds "9"]
[EventCountry "MNE"]
[SourceTitle "EXT 2014"]
[Source "ChessBase"]
[SourceDate "2013.11.20"]
[SourceVersion "1"]
[SourceVersionDate "2013.11.20"]
[SourceQuality "1"]

1. e4 c5 2. d4 cxd4 3. c3 Nf6 4. e5 Nd5 5. cxd4 Nc6 6. Nf3 d6 7. Bc4 Nb6 8. Bb3 d5 9. h3 Bf5 10. Nc3 h6 11. 0-0 e6 12. Ne2 Be4 13. Ne1 Be7 14. Ng3 Bg6 15. f4 Qc8 16. Be3 0-0 17. Rc1 Qd7 18. Bc2 Nc4 19. Bf2 Nxb2 20. Qg4 Nc4 21. f5 h5 22. Qe2 exf5 23. Bb3 Bg5 24. Rd1 h4 25. Nh1 N6a5 26. Nf3 Bh5 27. Qe1 Bxf3 28. gxf3 Qd8 29. Bc2 g6 30. Qe2 Bf4 31. Rfe1 Qg5+ 0-1

[Event "ITA-ch (Women)"]
[Site "Porto San Giorgio"]
[Date "2013.08.27"]
[Round "7"]
[White "Scarpa, Silvia"]
[Black "De Rosa, Mariagrazia"]
[Result "0-1"]
[WhiteElo "1753"]
[BlackElo "2061"]
[PlyCount "86"]
[EventDate "2013.08.21"]
[EventType "swiss"]
[EventRounds "9"]
[EventCountry "ITA"]
[SourceTitle "EXT 2015"]
[Source "ChessBase"]
[SourceDate "2014.11.20"]
[SourceVersion "1"]
[SourceVersionDate "2014.11.20"]
[SourceQuality "1"]

1. e4 c5 2. Nc3 a6 3. g3 b5 4. Bg2 Bb7 5. d3 e6 6. Nf3 d6 7. 0-0 Nf6 8. Nh4 Nc6 9. f4 Qc7 10. Ne2 Be7 11. f5 Nd4 12. c3 Nxe2+ 13. Qxe2 e5 14. c4 Nd7 15. Nf3 bxc4 16. dxc4 Nb8 17. Ne1 Nc6 18. Qg4 Bf6 19. Nc2 Nd4 20. Qd1 Bc6 21. b3 Qb7 22. Qd3 a5 23. Bd2 a4 24. Rab1 axb3 25. axb3 Ra2 26. Rfc1 0-0 27. b4 Qa8 28. b5 Bb7 29. Ra1 Qa4 30. Rxa2 Qxa2 31. Nxd4 exd4 32. Qc2 Qa3 33. Rb1 d3 34. Qb3 Bd4+ 35. Kf1 Ra8 36. Qxa3 Rxa3 37. Bf4 Ra2 38. Bh3 Rf2+ 39. Ke1 Rxh2 40. Bf1 Bxe4 41. b6 Bc3+ 42. Kd1 Bf3+ 43. Kc1 Rc2# 0-1

[Event "ITA-ch U14 Girls"]
[Site "Courmayeur"]
[Date "2013.07.03"]
[Round "6"]
[White "Scarpa, Silvia"]
[Black "Di Benedetto, Desiree"]
[Result "0-1"]
[WhiteElo "1753"]
[BlackElo "1754"]
[PlyCount "62"]
[EventDate "2013.06.30"]
[EventType "swiss"]
[EventRounds "9"]
[EventCountry "ITA"]
[SourceTitle "EXT 2015"]
[Source "ChessBase"]
[SourceDate "2014.11.20"]
[SourceVersion "1"]
[SourceVersionDate "2014.11.20"]
[SourceQuality "1"]

1. e4 e6 2. Nf3 d5 3. Nc3 Nf6 4. e5 Nfd7 5. d4 c5 6. dxc5 Bxc5 7. Bf4 Nc6 8. Bd3 a6 9. 0-0 b5 10. Re1 Qb6 11. Qd2 Bb7 12. a3 Rc8 13. b4 Be7 14. Ne2 Qc7 15. Ng3 h5 16. Bg5 Ndxe5 17. Nxe5 Nxe5 18. Bxe7 Nxd3 19. Qxd3 Kxe7 20. Qd4 Qc3 21. Qb6 Qc6 22. Qd4 g6 23. Rac1 Qc4 24. Qe5 Qc3 25. Qg5+ Qf6 26. Qe3 Kd7 27. Qb6 Rc7 28. Red1 Kc8 29. Qe3 Rd8 30. c3 Rc4 31. Ne2 Rd7 0-1